| 000 | 00742nas a2200229 4500 | ||
|---|---|---|---|
| 001 | BR7406841 | ||
| 003 | BR-BrBNA | ||
| 005 | 20231205082759.0 | ||
| 007 | ta | ||
| 008 | 230509b bl.|||p| |||| 00| 00por d | ||
| 040 |
_aBR-BrBNA _bpor _cBiblioteca Nacional de Agricultura |
||
| 041 | _a(Pt) | ||
| 072 | _aF70 | ||
| 100 | 1 | _aRochelle, L.A. | |
| 245 | 1 | _aDescricao taxonomica de cultivares de cucurbita maxima duchesne e cucurbita pepo Linneu | |
| 650 | _aTAXONOMIA VEGETAL | ||
| 650 | _aABOBORA MENINA | ||
| 650 | _aABOBORA ITALIANA | ||
| 773 | 0 |
_tAnais da Escola Superior de Agricultura Luiz de Queiroz (Brazil) _xISSN 0071-1276 _g(1974), v. 31 p. 667-700 _wBR7406841 |
|
| 909 |
_a202311 _bLúcia _c55 _dLúcia Elande |
||
| 942 |
_2AGRIS _n0 _cANA |
||
| 999 |
_c94167 _d94167 |
||